| 000 | 01378cam a2200325 i 4500 | ||
|---|---|---|---|
| 003 | SA-RiAUC | ||
| 005 | 20251013081941.0 | ||
| 008 | 251010s1997 su a g b f000 0 ara c | ||
| 020 | _a9960001075 | ||
| 040 |
_aSA-RiAUC _bara _cSA-RiAUC _erda |
||
| 050 | 4 | _b.A93 1997 | |
| 060 | 0 | _bم ق | |
| 082 | 0 | 4 |
_a025.3471 _qSA-RiAUC |
| 090 |
_a025.3471 _bع و د |
||
| 100 | 1 |
_aعودة، محمود مصطفى _eمؤلف. |
|
| 245 | 1 | 0 |
_aقضايا في فهرسة المطبوع العربي : _bالقواعد والحلول / _cمحمود مصطفى عودة، وليد نذير عتمة. |
| 250 | _aالطبعة الأولى. | ||
| 264 | 1 |
_aالرياض : _bمكتبة الملك فهد الوطنية، _c1997 |
|
| 300 |
_a174 صفحة : _bإيضاحيات ؛ _c24 سم. |
||
| 336 |
_aنص _btxt _2rdacontent _3كتاب |
||
| 337 |
_aبدون وسيط _bn _2rdamedia |
||
| 338 |
_aمجلد _bnc _2rdacarrier |
||
| 490 | 0 |
_aمطبوعات مكتبة الملك فهد الوطنية ؛ _vالسلسلة الثانية ؛ _v27 |
|
| 504 | _aببليوجرافية : صفحة 173-174. | ||
| 520 | 0 | _aيتناول الكتاب الفهرسة وأنواعها وأهمية الفهرسة. | |
| 650 | 7 |
_aالفهرسة الوصفية _2aucsh |
|
| 700 | 1 |
_aعتمة، وليد نذير _eمؤلف. |
|
| 942 |
_2ddc _cBOOK _n0 |
||
| 949 |
_aSA-JeALM _d251010 _umohamedma123 _n1 |
||
| 999 |
_c12507 _d12507 |
||